| 000 | 00614nam a22002297a 4500 | ||
|---|---|---|---|
| 003 | UA-OsUOA | ||
| 001 | 29842 | ||
| 007 | ta | ||
| 008 | 20041028b un ||||| |||| 00| 0 ukr d | ||
| 090 |
_a82.09(8) _bХ98 |
||
| 942 | _cBK | ||
| 040 |
_aUA-OsUOA _brus _cUA-OsUOA _dUA-OsUOA |
||
| 245 |
_aХудожественное своеобразие литератур Латинской Америки _cРед. И. А.Тертерян |
||
| 300 | _a372 с. | ||
| 955 | _a0 | ||
| 041 | _arus | ||
| 080 | _a82.09(8) | ||
| 260 |
_aМосква _bНаука _c1976 |
||
| 044 | _aRU | ||
| 650 | 7 | _2UDC | |
| 999 |
_c316241 _d316241 |
||